000 01326nam a2200337 a 4500
001 000010151
003 DO-SdBNP
005 20250129182519.0
008 091005s1999 dr r 001 p spa d
040 _aDO-SdBNP
_bspa
_cBNPHU
082 4 _aRD861.44
_bC433o
_222
100 1 _aChahín, Plinio,
_d1959-
_924881
245 1 0 _aOficios de un celebrante /
_cPlinio Chahín
246 0 4 _aObras
260 _aSanto Domingo :
_bConsejo Presidencial de Cultura,
_bSistema Nacional de Talleres Literarios,
_c1999.
300 _a380 p. :
_c29 cm.
490 0 _aSistema Nacional de Talleres Literarios ;
_v5
490 0 _aFin de siglo
500 _aIncluye datos biográficos del autor
505 2 _aHechizos de la Hybris --
_tSolemnidades de la muerte --
_t Consumación de la carne --
_t Ojos de penitentes --
_t¿Literatura sin lenguaje?.
586 _aLa obra Hechizos de la Hybris /Premio de Poesía 1998 Casa de Teatro
590 _aInventariado, 2023/MFF
650 4 _aPoesía dominicana
_966
650 4 _aEnsayos dominicanos
_925146
650 4 _aLiteratura dominicana
_xHistoria y crítica
_9159
700 1 _aMármol, José,
_d1960-
_epról.
_96454
830 0 _aSistema Nacional de talleres literarios
_n5
_925147
830 0 _aFin de siglo
_925148
910 _aValidado. Control de calidad MFF
942 _2ddc
_cLBS1
999 _c9910
_d9910